LEADER 01344nlm0 2200313 450 001 000028065 005 20131029115857.0 100 $a20101129d2010----km-y0itay50------ba 101 0 $aita 102 $aIT 105 $a--------001cy 135 $adoug----uuuuu 200 1 $aElaborazione real-time di stream di dati eterogenei e distribuiti$brisorsa elettronica$ftesi di dottorato di: Salvatore Giordano$gtutor: Luigi Romano 210 $aNapoli$d2010 215 $a1 disco ottico (CD-ROM)$d12 cm 230 $aDati testuali (1 file: 2,34 Mb) 304 $aTit. dell'etichetta 314 $aCoordinatore: Antonio Napolitano 328 $aTesi di dottorato. Ingegneria dell'informazione. 2008-2009 (22. ciclo) : Università degli studi di Napoli "Parthenope", Dipartimento per le Tecnologie 337 $aRequisiti minimi del sistema: Windows 500 10$aElaborazione real-time di stream di dati eterogenei e distribuiti$941485 610 1 $aElaborazione dati 676 $a004.33$v21$9Modi di elaborazione dei dati. Elaborazione in tempo reale 700 1$aGiordano,$bSalvatore$0471615 801 0$aIT$bUNIPARTHENOPE$c2010$gRICA$2UNIMARC 912 $a000028065 951 $aTesi Dottorato CD-ROM/38$bs.i.$cNAVA1$d20101129 996 $aElaborazione real-time di stream di dati eterogenei e distribuiti$941485 997 $aUNIPARTHENOPE LEADER 01353nam 2200397 450 001 000003362 005 20070503173300.0 100 $a--------d1924----km-y0itay0103----ba 101 0 $aeng 102 $aUS 200 1 $aHowells, James, Bryant and other essays$fby William Lyon Phelps 200 1 $a1 $n0003981 210 $aNew York$cMacmillan$d1924 215 $a206 p., [7] c. di tav.$d19 cm. 606 $aLetteratura americana$xStoria e critica$zSec. 20. 676 $a814 700 1$aPhelps,$bWilliam Lyon$0200198 801 0$aIT$bUniversità della Basilicata - B.I.A.$gRICA$2unimarc 912 $a000003362 996 $aHowells, James, Bryant and other essays$972357 997 $aUNIBAS BAS $aMONLET BAS $aMONOGR BAS $aLETTERE CAT $aFERRONE$b01$c19991013$lBAS01$h1626 CAT $aDILEO$b01$c19991026$lBAS01$h1304 CAT $c20000920$lBAS01$h1831 CAT $c20001010$lBAS01$h1634 CAT $c20050601$lBAS01$h1753 CAT $abatch$b01$c20050718$lBAS01$h1048 CAT $c20050718$lBAS01$h1107 CAT $c20050718$lBAS01$h1137 CAT $c20050718$lBAS01$h1151 CAT $aBATCH$b00$c20070503$lBAS01$h1733 FMT Z30 -1$lBAS01$LBAS01$mBOOK$1BASA1$APolo Storico-Umanistico$2GEN$BCollezione generale$3FP/4147$9FP/4147$64147$5L4147$819991013$f02$FPrestabile Generale